000 00569nam a2200241Ia 4500
003 OSt
005 20251020182703.0
008 240217s9999 xx 000 0 und d
040 _aPE SENCICO BE
_cPE SENCICO BE
041 _aspa
082 _aP027
245 0 _aTeleduc instalaciones eléctricas:
245 0 _bCapítulos 1, 2, 3, 4,5 y 6 /
260 _cs.f
300 _a1 VIDEO
300 _bson., Col.
300 _c2:04:52
490 _aELECTRICIDAD
650 _aINSTALACIONES ELECTRICAS
651 _aPERÚ
910 _aila.
942 _cVID
_2ddc
999 _c4875
_d4875